| Tag |
First Indicator |
Second Indicator |
Subfields |
| LEADER |
00000cam a2200000 a 4500 |
| 001 |
in00000034307 |
| 005 |
20151007060647.0 |
| 008 |
861229s1987 ilua j 00110beng |
| 010 |
|
|
|a 86033436
|
| 020 |
|
|
|a 0516013831 (lib. bdg.)
|
| 035 |
|
|
|a (OCoLC)15083247
|
| 035 |
|
|
|9 AAC1391AM
|
| 040 |
|
|
|a DLC
|c DLC
|d TXA
|d UtOrBLW
|
| 049 |
|
|
|a [Curr Col] TXAM
|c [A11032897]
|
| 050 |
0 |
0 |
|a E372
|b .F57 1987
|
| 082 |
0 |
|
|a 973.5/4/0924
|a B
|a 92
|2 19
|
| 100 |
1 |
|
|a Fitz-Gerald, Christine Maloney.
|
| 245 |
1 |
0 |
|a James Monroe :
|b fifth President of the United States /
|c by Christine Maloney Fitz-Gerald ; consultant, Charles Abele.
|
| 264 |
|
1 |
|a Chicago :
|b Childrens Press,
|c [1987]
|
| 264 |
|
4 |
|c ©1987
|
| 300 |
|
|
|a 98 pages :
|b illustrations ;
|c 24 cm.
|
| 336 |
|
|
|a text
|b txt
|2 rdacontent
|
| 337 |
|
|
|a unmediated
|b n
|2 rdamedia
|
| 338 |
|
|
|a volume
|b nc
|2 rdacarrier
|
| 490 |
1 |
|
|a Encyclopedia of presidents
|
| 500 |
|
|
|a Includes index.
|
| 520 |
|
|
|a The life and long political career of the fifth president of the United States whose Monroe Doctrine proclaimed opposition to further European control in the western hemisphere.
|
| 600 |
1 |
0 |
|a Monroe, James,
|d 1758-1831
|x Juvenile literature.
|
| 650 |
|
0 |
|a Presidents
|z United States
|v Biography
|v Juvenile literature.
|
| 600 |
1 |
1 |
|a Monroe, James,
|d 1758-1831.
|
| 650 |
|
1 |
|a Presidents.
|
| 830 |
|
0 |
|a Encyclopedia of presidents.
|
| 999 |
|
|
|a MARS
|
| 999 |
f |
f |
|s 20628649-d3e7-317d-811f-9c8020fb4ae3
|i 6818bf76-6d49-37b3-a26c-998845b7944d
|t 0
|
| 952 |
f |
f |
|p ric
|a Texas A&M University
|b Rellis Campus
|c Joint Library Facility
|d Remote Storage
|t 0
|e E372 .F57 1987
|h Library of Congress classification
|i unmediated -- volume
|m A14811032897
|
| 998 |
f |
f |
|a E372 .F57 1987
|t 0
|l Remote Storage
|